Topografía para ingenieros /
Guardado en:
| Autor Principal: | |
|---|---|
| Formato: | Libro |
| Idioma: | Spanish |
| Publicado: |
México :
Libros McGraw-Hill,
c1967.
|
| Materias: | |
| Etiquetas: |
Agregar Etiqueta
Sin Etiquetas, Sea el primero en etiquetar este registro!
|
| LEADER | 00757nam a22001815a 4500 | ||
|---|---|---|---|
| 001 | EUN.eunm008210 | ||
| 008 | 200226s1967####mx#a#####b####001#0#spa#d | ||
| 005 | 20200226120826.0 | ||
| 245 | 1 | 0 | |a Topografía para ingenieros / |c Philip Kissam ; traducción y adaptación: Luis Montero de León ; con la colaboración de: Javier Munuera. |
| 260 | |a México : |b Libros McGraw-Hill, |c c1967. | ||
| 300 | |a 663 p. : |b il. ; |c 23 cm. | ||
| 500 | |a Traducción de: Surveying for civil engineers; publicado por McGraw-Hill Book, c1956. | ||
| 504 | |a Incluye referencias bibliográficas e índice. | ||
| 020 | |a 0070348812 | ||
| 100 | 1 | |a Kissam, Philip, |d 1896-1978. | |
| 082 | 0 | 4 | |a 526.9 |2 21 |
| 650 | 7 | |a Topografía. |2 abne | |
| 859 | |a AR-BaUNS |b BIB. CENTRAL - Sector A |h 526.9 |i K643 |p 127520/020 | ||
